Lexmark otvára Pandorinu skrinku

Bibliographic Details
Main Author: Macko, Ondrej (Author)
Format: Article
Language:Slovak
PhysicalDescription:Obr.
ISSN:1335-0226
Subjects:

MARC

LEADER 00000nab a2200000 a 4500
001 vtls000855825
003 SK-MaSNL
005 20260304115514.0
008 250429c2003 xo 0 slo
015 |a SNBRB2003/12-35105 
035 |a CLN000207480 
035 |a urn:nbn:sk:snk-abrcn 
035 |a (urnnbn)urn:nbn:sk:snk:ar-a05e2p 
035 |a (uuid)68d3d44d-f765-4695-b43c-4bb608e533f3 
040 |a SNKBUCL  |b slo  |c SNKBUCL  |e AACR2 
041 0 |a slo 
044 |a xo  |c SK 
080 |a 004.356.2:061.5  |2 1997 
100 1 |a Macko, Ondrej  |4 aut  |9 270160 
245 1 0 |a Lexmark otvára Pandorinu skrinku  |c Ondrej Macko 
300 |b Obr. 
610 7 |a Lexmark  |x zariadenia periférne tlačové  |2 snkbucl  |9 1422134 
650 0 7 |a počítačové tlačiarne  |2 snkbucl  |9 1868 
655 7 |a články z novín a časopisov  |2 snkbucl  |9 267496 
773 0 |t PC revue  |g Roč. 11, č. 6 (2003), s. 19-20  |x 1335-0226 
850 |a Slovenská národná knižnica 
852 |a Slovenská národná knižnica 
954 |a odborná, vedecká literatúra pôvodná (slovenská)  |2 lita 
958 |a article27 
958 |a OND 
958 |a EUIPO 
992 |a RBX 
999 |c 2876188  |d 2878118